Science Green (Record no. 12538)

MARC details
000 -LEADER
fixed length control field 00213nam a22001097a 4500
082 ## - DEWEY DECIMAL CLASSIFICATION NUMBER
Classification number HOL
100 ## - MAIN ENTRY--AUTHOR NAME
Personal name Holman
245 ## - TITLE STATEMENT
Title Science Green
260 ## - PUBLICATION, DISTRIBUTION, ETC. (IMPRINT)
Place of publication London
Name of publisher McGraw Hill
Year of publication 1974
300 ## - PHYSICAL DESCRIPTION
Number of Pages 374
942 ## - ADDED ENTRY ELEMENTS (KOHA)
Koha item type Books
Holdings
Withdrawn status Lost status Home library Current library Date acquired Full call number Accession Number Koha item type
    Central Library, QUEST, Nawabshah Central Library, QUEST, Nawabshah 03/03/2015 HOL 7954 Books
    Central Library, QUEST, Nawabshah Central Library, QUEST, Nawabshah 03/03/2015 HOL 7955 Books
    Central Library, QUEST, Nawabshah Central Library, QUEST, Nawabshah 03/03/2015 HOL 7956 Books